Acta de la sesión pública de la Sociedad Económica Barcelonesa de Amigos del País : celebrada en 19 de Noviembre del año 1856 celebrada en 19 de Noviembre del año 1856
Descripción Física:
62 p. 23 cm
Otros Autores:
Magaz, Juan
MARC
| LEADER | 00000nam a2200000Ia 4500 | ||
|---|---|---|---|
| 001 | 16659, 17504 | ||
| 008 | 160829s1856 xx 000 0 cat d | ||
| 080 | |a M-5-63, M-5-195 | ||
| 110 | 2 | |a Societat Econòmica Barcelonesa d'Amics del País |9 53272 | |
| 245 | |a Acta de la sesión pública de la Sociedad Económica Barcelonesa de Amigos del País : |b celebrada en 19 de Noviembre del año 1856 | ||
| 260 | |a Barcelona : |b Impr. de Miguel Blanxart, |c 1856 | ||
| 300 | |a 62 p. 23 cm | ||
| 590 | |a Inclou: Discurs de Juan Magaz. | ||
| 590 | |a Prové de 393, exp. 1 i un segon exemplar que prové de 174 exp. 1 | ||
| 610 | 2 | 0 | |a Societat Econòmica Barcelonesa d'Amics del País |9 53272 |
| 650 | |a Història econòmica |9 36518 | ||
| 700 | |a Magaz, Juan |9 48535 | ||
| 901 | |a Arxiu | ||
| 942 | |n 1 | ||
| 952 | |0 0 |1 0 |4 0 |6 M563_M5195 |7 1 |9 54636 |a Arxiu |b Arxiu |d 2016-12-01 |l 0 |o M-5-63, M-5-195 |p 16659, 17504 |r 2016-12-01 00:00:00 |w 2016-12-01 |y ARXIU | ||
| 999 | |c 58505 |d 58505 | ||